Zhodnotenie činnosti VHJ v roku 1983

Bibliographic Details
Main Author: Oliva, R. (Author)
Format: Article
Language:Slovak
Subjects:

MARC

LEADER 00000nab a2200000 a 4500
001 vtls000196880
003 SK-MaSNL
005 20260302205153.0
008 141024c1984 xo 0 slo
015 |a SNBRB19rr/mm-uuuuu 
035 |a CL0206993 
040 |a SNKBUCL  |b slo  |c SNKBUCL  |e AACR2 
041 0 |a slo 
044 |a xo  |c SK 
080 |a 637.1.001  |2 1981 
100 1 |a Oliva, R.  |4 aut  |9 930647 
245 1 0 |a Zhodnotenie činnosti VHJ v roku 1983  |c R. Oliva 
650 0 7 |a mliekárenský priemysel  |2 snkbucl  |9 160897 
655 7 |a články z novín a časopisov  |2 snkbucl  |9 267496 
773 0 |t Mliekárstvo  |g Roč. 15, č. 1 (1984), s. 1-5 
850 |a Slovenská národná knižnica v Martine  |a MTA001 
852 |a SNK  |b KIS3GCP 
958 |a RK 
992 |a RBX 
999 |c 1476621  |d 1478551